Better Call Saul Episode Titles - Statistics

General Stats
  • This quiz has been taken 1,395 times
  • The average score is 27 of 63
Answer Stats
Hint Answer % Correct
6x13 Saul Gone
81%
1x01 Uno
79%
6x11 Breaking Bad
74%
6x07 Plan and Execution
71%
3x05 Chicanery
69%
1x03 Nacho
68%
1x02 Mijo
63%
6x08 Point and Shoot
63%
6x12 Waterworks
61%
6x10 Nippy
59%
1x10 Marco
58%
1x06 Five-O
57%
3x10 Lantern
57%
5x08 Bagman
56%
6x09 Fun and Games
55%
4x10 Winner
54%
1x09 Pimento
53%
1x05 Alpine Shepherd Boy
52%
6x03 Rock and Hard Place
52%
6x01 Wine and Roses
48%
6x02 Carrot and Stick
44%
5x10 Something Unforgivable
44%
5x09 Bad Choice Road
43%
1x04 Hero
43%
5x07 JMM
43%
4x07 Something Stupid
43%
5x06 Wexler v. Goodman
43%
6x05 Black and Blue
42%
1x07 Bingo
41%
6x06 Axe and Grind
40%
5x01 Magic Man
40%
1x08 RICO
38%
4x03 Something Beautiful
38%
3x08 Slip
37%
5x02 50% Off
36%
2x05 Rebecca
36%
4x01 Smoke
36%
3x09 Fall
35%
2x10 Klick
34%
2x03 Amarillo
33%
6x04 Hit and Run
33%
2x01 Switch
33%
4x08 Coushatta
32%
4x09 Wiedersehen
32%
2x06 Bali Ha'i
31%
2x08 Fifi
31%
2x04 Gloves Off
31%
3x04 Sabrosito
31%
5x03 The Guy for This
31%
2x02 Cobbler
29%
2x07 Inflatable
29%
5x04 Namaste
29%
4x06 Pinata
29%
4x02 Breathe
28%
5x05 Dedicado a Max
28%
2x09 Nailed
28%
3x02 Witness
28%
3x03 Sunk Costs
27%
4x05 Quite a Ride
24%
4x04 Talk
24%
3x06 Off Brand
23%
3x07 Expenses
22%
3x01 Mable
22%
No matching quizzes found
Score Distribution
Percent of People with Each Score
Percentile by Number Answered
Your Score History
You have not taken this quiz